| 000 | 00544nam a22001817a 4500 | ||
|---|---|---|---|
| 005 | 20251108164044.0 | ||
| 008 | 250721s1998 xx 000 0 ara d | ||
| 082 | 1 | 4 | _a216,7/عان |
| 100 | 1 | _aالعاني، محمد شلال | |
| 245 | 1 | 0 | _aفقه العقوبات في الشريعة الإسلامية / |
| 264 | 1 |
_aعمان : _bدار المسيرة، _c1998. |
|
| 300 | _aج | ||
| 650 | 1 | 7 | _aالفقه الإسلامي |
| 650 | 1 | 7 | _aالعقوبات |
| 700 | 1 | _aالعمري، عيسى صالح | |
| 942 |
_2ddc _cBK |
||
| 999 |
_c2498 _d2498 |
||